Statistiken für Top Länder bei Freiheit

Klicken Sie hier um das Quiz zu spielen!

Allgemein

  • Dieses Quiz wurde 107 mal gespielt
  • Das Durchschnittsergebnis liegt bei 12 aus 15

Antwortstatistiken

Freiheit IndexLand% Korrekt
8.58Norwegen
98%
8.75Schweden
98%
8.70Finnland
97%
8.57Niederlände
89%
9.01Schweiz
89%
8.83Dänemark
87%
8.55Kanada
84%
8.52Australien
82%
8.73Island
82%
8.71Luxemburg
79%
8.88Neuseeland
76%
8.79Irland
70%
8.75Estland
64%
8.45Lettland
61%
8.56Taiwan
26%

Verteilung der Resultate

Perzentil nach korrekt beantworteten Fragen

Anzahl Personen mit jedem Resultat

Ihre Resultats-Entwicklung

Sie haben dieses Quiz noch nicht gespielt